[Event "Belgrade-chT2 Quality"]
[Site "Belgrade"]
[Date "2022.10.15"]
[Round "1.7"]
[White "Mitrovic, Vladan"]
[Black "Colovic, Vuk"]
[Result "1/2-1/2"]
[WhiteElo "1889"]
[BlackElo "1400"]
[PlyCount "33"]
[EventDate "2022.10.15"]
[EventType "team-tourn"]
[EventRounds "13"]
[EventCountry "SRB"]
[SourceTitle "EXT 2024"]
[Source "ChessBase"]
[SourceDate "2023.10.10"]
[SourceVersion "1"]
[SourceVersionDate "2023.10.10"]
[SourceQuality "1"]
[WhiteTeam "Sremcica"]
[BlackTeam "Belgrade Tadic"]
[WhiteTeamCountry "SRB"]
[BlackTeamCountry "SRB"]

1. c4 e5 2. Nc3 Nc6 3. g3 d6 4. Bg2 Bd7 5. e3 Nf6 6. Nge2 g6 7. d4 Bg7 8. d5 Ne7 9. 0-0 0-0 10. b3 c6 11. dxc6 Bxc6 12. Ba3 Nc8 13. Nd5 Nxd5 14. Bxd5 Qd7 15. Qd2 Rd8 16. Nc3 Nb6 17. Rac1 1/2-1/2